Sports Quiz

Random Sports or MLB Quiz

Opening Day Lineups: Pirates Quiz Stats

 Plays Quiz Updated Apr 4, 2019

Score 0/263 Timer 15:00
0 Plays Today
% Correct
2014Andrew McCutchen
93.4%
2015Andrew McCutchen
93.2%
2013Andrew McCutchen
93.1%
2011Andrew McCutchen
92.7%
2012Andrew McCutchen
92.7%
2016Andrew McCutchen
92.6%
2017Andrew McCutchen
92.1%
2019Josh Bell
87.2%
1991Barry Bonds
86.5%
1992Barry Bonds
86.4%
2018Josh Bell
85.8%
2010Andrew McCutchen
83.5%
2017Josh Bell
83%
2014Russell Martin
81.3%
2013Russel Martin
81.1%
2018Starling Marte
80.5%
2017Starling Marte
80.5%
2015Starling Marte
79.9%
2016Starling Marte
79.8%
2014Starling Marte
79.4%
1997Jason Kendall
78.4%
1996Jason Kendall
78.4%
2001Jason Kendall
78.3%
2004Jason Kendall
78.3%
1998Jason Kendall
78.2%
2002Jason Kendall
78.2%
2000Jason Kendall
78.2%
2003Jason Kendall
78.2%
1999Jason Kendall
78.2%
2017Gerrit Cole
78%
2013Starling Marte
77.3%
2014Neil Walker
76.8%
2013Neil Walker
76.6%
2018Gregory Polanco
76.6%
2009Jack Wilson
76.2%
2001Jack Wilson
76.2%
2008Jack Wilson
76.2%
2006Jack Wilson
76.2%
2007Jack Wilson
76.2%
2011Neil Walker
76.1%
2012Neil Walker
76.1%
2003Jack Wilson
76.1%
2005Jack Wilson
76.1%
2004Jack Wilson
76.1%
2005Jason Bay
75.9%
2006Jason Bay
75.9%
2008Jason Bay
75.8%
2017Gregory Polanco
75.7%
2007Jason Bay
75.7%
2015Neil Walker
75.4%
2002Craig Wilson
75.3%
2016Gregory Polanco
75.2%
2004Craig Wilson
75.2%
2018Josh Harrison
75.1%
2017Josh Harrison
75%
2014Pedro Alvarez
74.8%
2015Gregory Polanco
74.8%
2018Francisco Cervelli
74.8%
2013Pedro Alvarez
74.8%
2019Francisco Cervelli
74.6%
2011Pedro Alvarez
74.5%
2012Pedro Alvarez
74.5%
2015Josh Harrison
74.3%
2016Josh Harrison
73.8%
2017Francisco Cervelli
73.2%
2011Garrett Jones
72.9%
2012Garrett Jones
72.9%
2015Pedro Alvarez
72.9%
1991Bobby Bonilla
72.7%
2013Garrett Jones
72.6%
2008Freddy Sanchez
72%
2016Francisco Cervelli
71.9%
2009Freddy Sanchez
71.9%
2014Francisco Liriano
71.8%
2015Francisco Cervelli
71.5%
2010Garrett Jones
71.3%
2015Francisco Liriano
71.3%
1991Andy Van Slyke
71%
1993Andy Van Slyke
70.9%
1994Andy Van Slyke
70.9%
1992Andy Van Slyke
70.9%
2013Gaby Sanchez
70.8%
1993Jay Bell
69.7%
1992Jay Bell
69.7%
1996Jay Bell
69.7%
1995Jay Bell
69.7%
1991Jay Bell
69.7%
1994Jay Bell
69.6%
% Correct
2016Francisco Liriano
69.5%
2001Derek Bell
68.9%
1993Al Martin
68%
1994Al Martin
68%
1997Al Martin
68%
1998Al Martin
68%
1996Al Martin
68%
1995Al Martin
68%
2018Jordy Mercer
66.7%
2017Jordy Mercer
66.4%
2013A.J. Burnett
66.3%
2015Jordy Mercer
65.6%
2003Aramis Ramirez
65.3%
2001Aramis Ramirez
65.3%
2000Aramis Ramirez
65.3%
2002Aramis Ramirez
65.3%
2016Jordy Mercer
65.2%
2014Jordy Mercer
64.5%
2000Brian Giles
62.3%
1999Brian Giles
62.3%
2001Brian Giles
62.2%
2003Brian Giles
62.2%
1991Doug Drabek
62%
1992Doug Drabek
62%
2019Erik Gonzalez
61.3%
2007Adam LaRoche
60.6%
2008Adam LaRoche
60.6%
2017David Freese
60.5%
2009Adam LaRoche
60.5%
2009Andy LaRoche
60.4%
2016David Freese
60.4%
2019Jung Ho Kang
60%
2010Andy LaRoche
59%
2007Zach Duke
58.8%
1998Kevin Young
58.6%
2002Kevin Young
58.6%
2010Zach Duke
58.6%
1993Kevin Young
58.5%
2001Kevin Young
58.5%
1999Kevin Young
58.5%
2000Kevin Young
58.5%
2010Ryan Doumit
58%
1994Zane Smith
58%
2009Ryan Doumit
57.9%
2008Ryan Doumit
57.9%
2016John Jaso
57.7%
2019Adam Frazier
56.9%
2018Adam Frazier
56.5%
2019Corey Dickerson
55.3%
2009Nate McLouth
55.2%
2008Nate McLouth
55.2%
2018Corey Dickerson
55.1%
1997Mark Johnson
54.9%
2019Jameson Taillon
54.7%
2019Melky Cabrera
54.6%
2017Adam Frazier
54%
1991Jeff King
52.4%
1993Jeff King
52.3%
1994Jeff King
52.3%
1996Jeff King
52.3%
1995Jeff King
52.2%
2011Ryan Doumit
52.1%
2018Colin Moran
51.7%
2013Clint Barmes
50.7%
2012Clint Barmes
50.4%
2005Oliver Perez
49.7%
2006Oliver Perez
49.7%
2018Ivan Nova
49%
2011Jose Tabata
47.1%
2012Jose Tabata
47.1%
2009Paul Maholm
47%
2003Kenny Lofton
46.8%
1991Jose Lind
45.8%
1992Jose Lind
45.7%
1991Mike LaValliere
44.7%
1992Mike LaValliere
44.5%
1993Mike LaValliere
44.5%
2008Xavier Nady
44.1%
2014Travis Snider
44.1%
2007Xavier Nady
44%
2010Ronny Cedeno
43.1%
2002Adrian Brown
43.1%
2001Adrian Brown
42.9%
1999Brant Brown
42.8%
2010Lastings Milledge
41.5%
2011Ronny Cedeno
41.3%
1992Orlando Merced
41.1%
1993Orlando Merced
41.1%
% Correct
1994Orlando Merced
41.1%
1995Orlando Merced
41.1%
1996Orlando Merced
41%
2008Jose Bautista
40.6%
2009Nyjer Morgan
40.6%
2012Rod Barajas
40.5%
2007Jose Bautista
40.5%
2004Kip Wells
39.3%
1995Carlos Garcia
39.2%
2003Reggie Sanders
39.2%
1993Carlos Garcia
39.2%
1994Carlos Garcia
39.1%
1996Carlos Garcia
39.1%
2003Kris Benson
39%
1998Freddy Garcia
38.7%
2000Jason Schmidt
38.4%
2014Travis Ishikawa
37.8%
2008Ian Snell
37.7%
1999Warren Morris
37.7%
1997Tony Womack
37.5%
1998Tony Womack
37.4%
2011Lyle Overbay
37%
2007Jose Castillo
36.2%
2005Jose Castillo
36.1%
2006Jose Castillo
36.1%
1994Don Slaught
35.5%
1998Jose Guillen
35.3%
1999Jose Guillen
35.2%
1997Jose Guillen
35.2%
2004Randall Simon
35.2%
2003Randall Simon
35.1%
1997Joe Randa
34.9%
2006Joe Randa
34.8%
1993Tim Wakefield
34%
2006Jeremy Burnitz
33.5%
2012Erik Bedard
33.1%
2002Pokey Reese
32.9%
2003Pokey Reese
32.8%
2004Tike Redman
32.7%
2007Ronny Paulino
32.7%
2004Bobby Hill
32.5%
2005Tike Redman
32.5%
2005Benito Santiago
32.4%
2006Chris Duffy
32%
2007Chris Duffy
31.9%
2006Sean Casey
31.8%
2010Aki Iwamura
31.7%
2012Alex Presley
31.3%
2011Kevin Correia
30.2%
1999Francisco Cordova
29.6%
1998Francisco Cordova
29.5%
2010Jeff Clement
29.3%
1991Gary Redus
29.3%
2019JB Shuck
29%
2001Pat Meares
28.2%
2005Daryle Ward
28.1%
2000Pat Meares
28%
2009Brandon Moss
26.8%
1998Jermaine Allensworth
26.4%
1997Jermaine Allensworth
26.3%
1997Jon Lieber
25.5%
1995Jon Lieber
25.4%
1992Kirk Gibson
25.1%
2004Raul Mondesi
25%
2006Humberto Cota
24.9%
2005Matt Lawton
24.8%
1992Steve Buechele
24.5%
2005Ty Wigginton
23%
1994Brian Hunter
22.8%
2000Mike Benjamin
22.8%
1999Mike Benjamin
22.7%
2002Mike Benjamin
22.7%
2001Todd Ritchie
21.8%
1999Ed Sprague
21.7%
1996Charlie Hayes
20.9%
2002Ron Villone
20.3%
1997Kevin Elster
20.2%
2004Chris Stynes
19.9%
2000Chad Hermansen
19.7%
2002Armando Rios
19.5%
1995Jacob Brumfield
19.4%
2000Wil Cordero
19.3%
1995Mark Parent
18.7%
1996Mike Kingery
18.3%
1996Paul Wagner
18.3%
1995Rich Aude
16.5%
1998Lou Collier
15.8%

You're not logged in!

Compare scores with friends on all Sporcle quizzes.
OR
Log In

Sporcle TV

Today on Sporcle TV


Watch our educational content, quiz creation guides, and fun videos on Sporcle TV.

Show Comments

Extras

Top Quizzes Today


Score Distribution

Your Account Isn't Verified!

In order to create a playlist on Sporcle, you need to verify the email address you used during registration. Go to your Sporcle Settings to finish the process.

Report this User

Report this user for behavior that violates our Community Guidelines.

Details: